Chip počítačový magazín

Guardado en:
Detalles Bibliográficos
Formato: Seriadas
Lenguaje:checo
Publicado: Praha Chip s.r.o. 1995
Materias:
Etiquetas: Agregar Etiqueta
Sin Etiquetas, Sea el primero en etiquetar este registro!

MARC

LEADER 00000nas2a2200000 4500
001 s102036
005 20221221070503.4
022 |a 1210-0684 
041 0 |a cze 
044 |a CZ 
245 1 0 |a Chip  |b počítačový magazín 
264 1 |a Praha  |b Chip s.r.o.  |c 1995 
300 |a 2 zv. 
773 0 |w eu_un_cat*s120051 
610 2 0 |a mikropočítače 
610 2 0 |a technika výpočtová 
610 2 0 |a jazyky programovacie 
610 2 0 |a hardvér 
610 2 0 |a softvér